LEADER 01810nam a2200397 a 4500 001 000000163243 003 CaOOAMICUS 005 20171009110518.0 008 171009s2017 it u000 u ita r 020 $a978-88-9317-542-5* 032 $aLibriCat 040 $aPUL$bita 082 04$a348.45 110 1 $aItalia.$0(OLS)http://pul/name/1188 240 10$aCodice penale (2017).$0(OLS)http://pul/title/198398 245 10$aCodice penale e di procedura penale e leggi complementari /$ca cura di Luigi Alibrandi (per il codice penale) ; Piermaria Corso (per il codice di procedura penale) 250 $a48. ed. 260 $aPiacenza :$bLa Tribuna,$cİ2017. 300 $a2282 p. ;$c19 cm. 490 1 $aI codici vigenti 2017 500 $aComprende indici. 500 $aTesto su due colonne. 500 $aSulla coperta: con il delitto di tortura (L. 14/7/2017, n. 110) e la riforma della giustizia penale (L. 23/6/2017, n. 103). 630 04$aCodice penale$zItalia.$0(OLS)http://pul/subject/12325 650 4$aProcedura penale$zItalia.$0(OLS)http://pul/subject/12686 700 1 $aAlibrandi, Luigi.$0(OLS)http://pul/name/45474 700 1 $aCorso, Piermaria.$0(OLS)http://pul/name/35334 830 0$aCodici vigenti 2017.$0(OLS)http://pul/title/197720 850 $aPUL 852 $aPUL$W1$xDP2 Diritto e Scienze Sociali 3$y110$m348. 45 COD 3.1.103$j187296$qDDC 21$B190459$CPULBib$Z2$F190459 $H130121 $81 941 1 $a9 996 $6020$a978-88-9317-542-5*$9(OLS)http://pul/number/163196 996 $6082$a348.45$9(OLS)http://pul/classification/373 996 $6245$aCodice penale e di procedura penale e leggi complementari$9(OLS)http://pul/title/178222 996 $6260$aPiacenza :$bLa Tribuna$9(OLS)http://pul/publisher/69734 LEADER 01249nam a2200265 u 4500 001 000000109089 003 CaOOAMICUS 005 20080116160101.0 008 080116s1957 it u000 u ita u 040 $aPUL$bita$dBc 041 1 $aita 100 1 $aKrafft-Ebing, Richard von.$0(OLS)http://pul/name/66802 240 10$aPsycopathia sexualis$lItaliano.$0(OLS)http://pul/title/137257 245 10$aPsycopathia sexualis /$cTraduzione italiana sulla 16. e 17. edizione tedesca, completamente rielaborata dal dott. Albert Moll ; con note di adeguamento al diritto italiano a cura del Prof. Piero Giolla . 260 $aMilano :$bCarlo Manfredi,$c1957. 300 $axi, 1000 p. ;$c25 cm. 650 4$aPsicopatie.$0(OLS)http://pul/subject/20372 650 4$aSesso (psicologia).$0(OLS)http://pul/subject/25744 700 1 $aMoll, Albert.$0(OLS)http://pul/name/66803 700 1 $aGiolla, Piero.$0(OLS)http://pul/name/66804 850 $aPUL 852 $aPUL$W1$xSL Diritto e Scienze Sociali 1$y4$m250 A 14$j124598$qStampati$B123356$CPULBib$Z2$F123356 $H31905 $82 941 1 $a8 996 $6245$aPsycopathia sexualis$9(OLS)http://pul/title/137256 996 $6260$aMilano :$bCarlo Manfredi$9(OLS)http://pul/publisher/79589